000 00738nam a2200229Ia 4500
001 16706
003 GE_BSU
008 181216s||||||||xx |||||||||||||| ||und||
040 _cGE_BSU
080 _a821.161.1-31
100 _aკაზანცევი, ალ.
245 _aალმოდებული კუნძული
245 _bრომანი
245 _cრუს. თარგმნა ნ. ჯოლოხავამ. რედ.ნ.ანთელავა
260 _aთბილისი
260 _bნაკადული
260 _c1974
300 _a499გვ. ; 21სმ.
653 _aალმოდებული კუნძული
653 _aრომანი
942 _cBK
999 _c49771
_d49771